000 01244nam a2200325Ia 4500
001 15533
003 IT-RoPAU
008 130308s9999 xx 000 0 und d
040 _aIT-RoPAU
040 _cIT-RoPAU
041 _aITALIANO
100 _aPanofsky Erwin
100 _gCodice Aut. SPICS: 2909
240 _aSTUDIES IN ICONOLOGY
240 _gCodice Tit. Orig. Spics: T1447
245 _aStudi di iconologia-I temi umanistici nell'arte del Rinascimento
245 _bStudi di Iconologia-I temi Umanistici nell'Arte del Rinascimento
250 _a1a ed.
260 _aTORINO
260 _bEinaudi
260 _c1975 [1° Ed.:1975 - Ed.Ling.Originale:1939]
300 _a"422 p. (prefazione: 34; testo: 388)"
500 _aArte del Rinascimento Storia della Critica d'arte Preistoria Umana in Due cicli Pittorici di Piero di Cosimo padre Tempo Cupido cieco Movimento Neoplatonico a Firenze e nell'Italia settentrionale Bandinelli e Tiziano Movimento Neoplatonico e Michelangelo Modello in Creta nella Casa di Michelangelo Bibliografia scritti di Erwin Panofsky
650 _aTEORIA/LINGUAGGI DI ICONOLOGIA
650 _eCodice materia Spics: 5153
942 _cBK
957 _71
999 _c68863
_d68863
999 _bSI
999 _g1